Los Incas Quechuas / (Record no. 64057)

MARC details
000 -LEADER
fixed length control field 00402cam a2200157 a 4500
008 - FIXED-LENGTH DATA ELEMENTS--GENERAL INFORMATION
fixed length control field s1979 ru spa
050 #0 - LIBRARY OF CONGRESS CALL NUMBER
Classification number F3429
Item number Z8 1979
100 1# - MAIN ENTRY--PERSONAL NAME
Personal name Zubritski, Yu.
245 14 - TITLE STATEMENT
Title Los Incas Quechuas /
Statement of responsibility, etc Yu. Zubritski .
260 ## - PUBLICATION, DISTRIBUTION, ETC. (IMPRINT)
Place of publication, distribution, etc Moscu :
Name of publisher, distributor, etc Progreso,
Date of publication, distribution, etc 1979
300 ## - PHYSICAL DESCRIPTION
Extent 165 p. ;
Dimensions 20 cm.
650 #4 - SUBJECT ADDED ENTRY--TOPICAL TERM
Topical term or geographic name as entry element Incas
Geographic subdivision Perú
942 ## - ADDED ENTRY ELEMENTS (KOHA)
Source of classification or shelving scheme Biblioteca del Cogreso de los Estados Unidos
Koha item type Libro
Holdings
Estado de pérdida Fuente de clasificación Estado del daño No para préstamo Ubicación permanente Ubicación actual Apartado o colección Fecha de adquisición Fuente de adquisición Edición Dependencia de educación superior (DES) Área del conocimiento Clasificación Código de Barras Date last seen Número de copia Tipo de recurso
  Biblioteca del Cogreso de los Estados Unidos     Biblioteca del Instituto de Investigaciones Históricas Biblioteca del Instituto de Investigaciones Históricas General 09/08/2018 Donación 1a ed. Humanidades Ciencias Sociales y Administrativas F3429 Z8 1979 IIH000023927 09/08/2018 C:1 Libro
  Biblioteca del Cogreso de los Estados Unidos     Biblioteca del Instituto de Investigaciones Históricas Biblioteca del Instituto de Investigaciones Históricas General 09/08/2018   1a ed. Humanidades Ciencias Sociales y Administrativas F3429 Z8 1979 IIH000023928 09/08/2018 C:2 Libro